Joy in work, German work : the national debate, 1800-1945

Αποθηκεύτηκε σε:
Λεπτομέρειες βιβλιογραφικής εγγραφής
Κύριος συγγραφέας: Campbell, Joan 1929-
Μορφή: Βιβλίο
Γλώσσα:English
Δημοσίευση: Princeton : Princeton University Press, c1989
Θέματα:
Ετικέτες: Προσθήκη ετικέτας
Δεν υπάρχουν, Καταχωρήστε ετικέτα πρώτοι!

MARC

LEADER 00000nam a2200000 i 4500
001 1/26622
008 981217s1989 eng d
020 |a 0-691-05569-6 
035 |l 10037625 
040 |a GR-MY-UA  |b gre  |e aacr 
041 0 |a eng 
082 0 |a 306.360943 
100 1 |a Campbell, Joan  |d 1929- 
245 1 0 |a Joy in work, German work :  |b the national debate, 1800-1945 /  |c Joan Campbell 
260 |a Princeton :   |b Princeton University Press,   |c c1989 
300 |a 431 P. 
504 |a Bibliography: p.386-409: Includes index 
650 0 0 |a Work ethic  |z Germany  |x History. 
650 0 0 |a Work  |x Psychological aspects. 
650 0 0 |a Industrial sociology  |z Germany  |x History. 
852 |a INST  |b LESVOS  |e 19981217  |h 306.360943 CAM  |p 005100017422  |q 005100017422  |t BK  |y 0 
901 |a BIBL-1999-1 
909 |a Λ  |b 061000 
922 |a 1ΕΛΗ  |b 199811  |c ΚΠΣ/ΤΚ  |d ΠΑΠΑΣΩΤΗΡΙΟΥ 
950 |a 103-1998-07-27